000
00332nam a2200145Ia 4500
008
230718s9999 xx 000 0 und d
041
_a
Eng.
082
_a
320
_b
CHA-T
100
_a
Challen Celes
245
4
_a
The secret granding of
260
_a
Pakistan
_b
Sweet and Mound
_c
1998
300
_a
198
650
_a
Law
999
_c
26645
_d
26645